000 00903nam a22002417a 4500
999 _c64496
_d64496
005 20240530110734.0
008 180708s2018 ua g 000 f ara d
017 _a2018/10129
_bمصر. دار الكتب
020 _a978977900092
040 _aEG-CaGPL
_cEG-CaGPL
082 0 4 _221
_a849.3613 /
_bأ ر
100 1 _aافندييف، التشين
245 1 0 _aالراس :
_bرواية /
_cالتشين افندييف ؛ ترجمة وتقديم احمد سامى العايدى
250 _aط.1
260 _aالقاهرة :
_c2018.
_bمكتبة الاداب،
300 _a464 ص. ؛
_c19 سم.
650 0 7 _2qrmak
_aالادب الاذربيجانى
650 0 7 _2qrmak
_aالقصص الاذربيجانية المترجمة
651 _2qrmak
700 0 _aاحمد سامى العايدى
_eمترجم ومقدم
942 _2ddc
_cBK